Occurrence of different diseases associated with Gerbera (Gerbera jamesonii) in Dhaka division / (Record no. 15222)

MARC details
000 -LEADER
fixed length control field 00977nam a22002537a 4500
003 - CONTROL NUMBER IDENTIFIER
control field BD-DhSAU
005 - DATE AND TIME OF LATEST TRANSACTION
control field 20210921094216.0
008 - FIXED-LENGTH DATA ELEMENTS--GENERAL INFORMATION
fixed length control field 151014b2020 bg ||||| |||| 001 0 eng d
040 ## - CATALOGING SOURCE
Original cataloging agency BD-DhSAU
082 ## - DEWEY DECIMAL CLASSIFICATION NUMBER
Edition number 22
Classification number 571.92
Item number K5275
100 ## - MAIN ENTRY--PERSONAL NAME
Personal name Khanam , Mahbuba
Relator term Registration No: 18-09128
245 ## - TITLE STATEMENT
Title Occurrence of different diseases associated with Gerbera (Gerbera jamesonii) in Dhaka division /<br/><br/><br/><br/><br/><br/><br/>
Remainder of title MS Thesis
260 ## - PUBLICATION, DISTRIBUTION, ETC. (IMPRINT)
Place of publication, distribution, etc. Sher-e- Bangla Agricultural University :
Name of publisher, distributor, etc. Department of Plant Pathology,
Date of publication, distribution, etc. 2020
300 ## - PHYSICAL DESCRIPTION
Extent vii, 81 p. :
Other physical details ill. ;
Dimensions 30 cm.
504 ## - BIBLIOGRAPHY, ETC. NOTE
Bibliography, etc Includes Bibliographic Reference
590 ## - Name of Cataloguer
Name of Cataloger Shofi
650 ## - SUBJECT ADDED ENTRY--TOPICAL TERM
Topical term or geographic name as entry element Plant Pathology
650 ## - SUBJECT ADDED ENTRY--TOPICAL TERM
Topical term or geographic name as entry element Diseases
650 ## - SUBJECT ADDED ENTRY--TOPICAL TERM
Topical term or geographic name as entry element Gerbera (Gerbera jamesonii)
Geographic subdivision Dhaka division
700 ## - ADDED ENTRY--PERSONAL NAME
Personal name Tonu , Nazmoon Naher
Relator term Supervisor
700 ## - ADDED ENTRY--PERSONAL NAME
Personal name Aminuzzaman , F. M.
Relator term Co-Supervisor
856 ## - ELECTRONIC LOCATION AND ACCESS
Uniform Resource Identifier <a href="http://archive.saulibrary.edu.bd:8080/xmlui/handle/123456789/3291">http://archive.saulibrary.edu.bd:8080/xmlui/handle/123456789/3291</a>
Link text Online Access
942 ## - ADDED ENTRY ELEMENTS (KOHA)
Source of classification or shelving scheme Dewey Decimal Classification
Koha item type MS Level Thesis
Holdings
Withdrawn status Lost status Source of classification or shelving scheme Damaged status Not for loan Collection code Home library Branch Name Date acquired Total Checkouts Full call number Barcode Date last seen Price effective from Koha item type
    Dewey Decimal Classification   Not For Loan Reference SAU Library SAU Library 17/08/2021   571.92 K5275 42685 19/09/2021 19/09/2021 MS Level Thesis